Scenario for a housing vulnerability reduction program in earthquake the prone areas
Tallennettuna:
| Päätekijä: | |
|---|---|
| Aineistotyyppi: | Kirja |
| Kieli: | English |
| Julkaistu: |
[Lugar de publicación no identificado] : [editor no identificado],
[19?]
|
| Tagit: |
Lisää tagi
Ei tageja, Lisää ensimmäinen tagi!
|
MARC
| LEADER | 00000nam a2200000Ia 4500 | ||
|---|---|---|---|
| 003 | MV0029 | ||
| 005 | 20221231144004.0 | ||
| 008 | 140114s19? txua 000 ||eng d | ||
| 040 | |c cru CEDI | ||
| 090 | |a MV 29 | ||
| 100 | |a Thompson, Paul |9 21148 | ||
| 245 | |a Scenario for a housing vulnerability reduction program in earthquake the prone areas | ||
| 246 | |a Scenario for a housing vulnerability reduction program in the prone areas | ||
| 260 | |a [Lugar de publicación no identificado] : [editor no identificado], |c [19?] | ||
| 300 | |a 14 páginas | ||
| 942 | |c MX |2 ddc | ||
| 999 | |c 15247 |d 15247 | ||
